[Event "48. Torneo Villa de Mislata"]
[Site "Mislata ESP"]
[Date "2014.08.11"]
[Round "1.1"]
[White "Ferrer Moreno, Jose"]
[Black "Antoli Royo, Joaquin Miguel"]
[Result "0-1"]
[WhiteElo "2135"]
[BlackElo "2428"]
[PlyCount "70"]
[EventDate "2014.08.11"]
[EventType "swiss"]
[EventRounds "9"]
[EventCountry "ESP"]
[Source "lmi"]
[SourceDate "2014.08.11"]

1. d4 Nf6 2. c4 c5 3. d5 e6 4. Nc3 exd5 5. cxd5 d6 6. e4 g6 7. f4 Bg7 8. Bb5+
Nfd7 9. a4 O-O 10. Nf3 Na6 11. O-O Nb4 12. Re1 a6 13. Bf1 Nf6 14. h3 Re8 15.
Bc4 Nd7 16. Be3 b6 17. Bf2 Bb7 18. Qb3 Nf6 19. e5 Nh5 20. Bh4 Qb8 21. Ne4 b5
22. Nxd6 bxc4 23. Qxc4 Bxd5 24. Qxc5 Nxf4 25. Nxe8 Nbd3 26. Qd4 Qxe8 27. Bg3
Nxe1 28. Rxe1 Nxh3+ 29. Kh2 Bxf3 30. gxf3 Ng5 31. Qg4 Ne6 32. Re4 Rd8 33. f4
Rd2+ 34. Kh3 h5 35. Qf3 Qd7 0-1

[Event "48. Torneo Villa de Mislata"]
[Site "Mislata ESP"]
[Date "2014.08.11"]
[Round "1.2"]
[White "Alonso Moyano, Jonathan"]
[Black "Gimenez Menchon, Cesar"]
[Result "1/2-1/2"]
[WhiteElo "2408"]
[BlackElo "2132"]
[PlyCount "80"]
[EventDate "2014.08.11"]
[EventType "swiss"]
[EventRounds "9"]
[EventCountry "ESP"]
[Source "lmi"]
[SourceDate "2014.08.11"]

1. e4 e6 2. d4 d5 3. Nd2 c5 4. e5 cxd4 5. Ngf3 Nc6 6. Nb3 Qc7 7. Bb5 a6 8.
Bxc6+ bxc6 9. Nbxd4 c5 10. Ne2 Ne7 11. Bf4 Nc6 12. h4 Rb8 13. b3 a5 14. O-O Ba6
15. Re1 Be7 16. Bg3 O-O 17. Nf4 Rfd8 18. c3 Qb6 19. Ng5 Bxg5 20. hxg5 Ne7 21.
Bh2 d4 22. c4 a4 23. Rb1 axb3 24. axb3 Nc6 25. Nd3 Nb4 26. Bf4 Qc6 27. Nxb4
Rxb4 28. Bd2 Rbb8 29. Qh5 Rd7 30. f3 Rdb7 31. Re4 Bxc4 32. Rc1 Bd3 33. Rxd4 Bg6
34. Qg4 Rxb3 35. Rd6 Qb5 36. Qc4 Qxc4 37. Rxc4 R3b5 38. Be3 Rc8 39. Rxc5 Rbxc5
40. Bxc5 h6 1/2-1/2

[Event "48. Torneo Villa de Mislata"]
[Site "Mislata ESP"]
[Date "2014.08.11"]
[Round "1.3"]
[White "Moreto Quintana, Alex"]
[Black "Ramiro Ovejero, Juan Luis"]
[Result "0-1"]
[WhiteElo "2132"]
[BlackElo "2364"]
[PlyCount "52"]
[EventDate "2014.08.11"]
[EventType "swiss"]
[EventRounds "9"]
[EventCountry "ESP"]
[Source "lmi"]
[SourceDate "2014.08.11"]

1. Nf3 d5 2. d4 Nf6 3. c4 dxc4 4. e3 Bg4 5. Bxc4 e6 6. O-O Nbd7 7. Nc3 Bb4 8.
Qb3 c5 9. dxc5 Bxc5 10. Qxb7 Rb8 11. Qc6 Rb6 12. Qa4 Rb4 13. Qa6 Bxf3 14. gxf3
O-O 15. Be2 Qa8 16. a3 Rh4 17. Kg2 Ne5 18. e4 Ng6 19. Bb5 Qb8 20. h3 Rh5 21.
Ne2 Nh4+ 22. Kh1 Nxf3 23. Ng3 Nxe4 24. Kg2 Nh4+ 25. Kh1 Nxg3+ 26. fxg3 Qxg3 0-1

[Event "48. Torneo Villa de Mislata"]
[Site "Mislata ESP"]
[Date "2014.08.11"]
[Round "1.5"]
[White "Aymerich Rosell, Pablo"]
[Black "Carrascoso Morales, Abel"]
[Result "0-1"]
[WhiteElo "2125"]
[BlackElo "2342"]
[PlyCount "86"]
[EventDate "2014.08.11"]
[EventType "swiss"]
[EventRounds "9"]
[EventCountry "ESP"]
[Source "lmi"]
[SourceDate "2014.08.11"]

1. d4 Nf6 2. c4 g6 3. Nc3 Bg7 4. e4 d6 5. f3 O-O 6. Be3 b6 7. Nge2 c5 8. Qd2 e6
9. Rd1 Nc6 10. d5 exd5 11. cxd5 Ne5 12. Ng3 h5 13. Be2 h4 14. Nf1 h3 15. g4 Ba6
16. Ng3 Nc4 17. Bxc4 Bxc4 18. Bh6 Nd7 19. Bxg7 Kxg7 20. f4 Nf6 21. g5 Nh7 22.
b3 Ba6 23. Nce2 Qe7 24. O-O Rae8 25. Rf2 Kg8 26. b4 f6 27. bxc5 bxc5 28. gxf6
Nxf6 29. Nc3 Ng4 30. Rf3 Qf6 31. f5 Ne5 32. Rf2 Re7 33. Nce2 g5 34. Nh5 Qh6 35.
f6 Ref7 36. Rf5 Nf3+ 37. Rxf3 Qxh5 38. Rf5 Rxf6 39. Ng3 Rxf5 40. exf5 Qg4 41.
Re1 Rxf5 42. Qa5 Qd4+ 43. Kh1 Qxd5+ 0-1

[Event "48. Torneo Villa de Mislata"]
[Site "Mislata ESP"]
[Date "2014.08.11"]
[Round "1.6"]
[White "Castella Garcia, Fausto"]
[Black "Gonzalez Aguirre, Luis"]
[Result "1-0"]
[WhiteElo "2335"]
[BlackElo "2118"]
[PlyCount "37"]
[EventDate "2014.08.11"]
[EventType "swiss"]
[EventRounds "9"]
[EventCountry "ESP"]
[Source "lmi"]
[SourceDate "2014.08.11"]

1. e4 c6 2. d4 d5 3. e5 c5 4. Nf3 Nc6 5. c4 cxd4 6. Nxd4 dxc4 7. Nxc6 Qxd1+ 8.
Kxd1 bxc6 9. Bxc4 Bf5 10. Be3 e6 11. Nc3 Ne7 12. Ke2 Nd5 13. Nxd5 exd5 14. Bb3
a5 15. Ba4 Ra6 16. Rhc1 Kd7 17. Rxc6 Rxc6 18. Rc1 Ke6 19. Rxc6+ 1-0

[Event "48. Torneo Villa de Mislata"]
[Site "Mislata ESP"]
[Date "2014.08.11"]
[Round "1.7"]
[White "Hassomal Daswani, Birjkumar"]
[Black "Diaz Velandia, Jose Manuel"]
[Result "1/2-1/2"]
[WhiteElo "2106"]
[BlackElo "2311"]
[PlyCount "70"]
[EventDate "2014.08.11"]
[EventType "swiss"]
[EventRounds "9"]
[EventCountry "ESP"]
[Source "lmi"]
[SourceDate "2014.08.11"]

1. e4 e6 2. d4 c5 3. c3 b6 4. Nf3 Bb7 5. Bd3 Nf6 6. Qe2 d6 7. O-O Nbd7 8. Nbd2
Be7 9. Re1 cxd4 10. cxd4 e5 11. b4 O-O 12. Bb2 Re8 13. a3 Bf8 14. d5 Nh5 15. g3
f5 16. Bb5 fxe4 17. Nxe4 Bxd5 18. Rad1 Bxe4 19. Qxe4 Kh8 20. Qf5 Nhf6 21. Nxe5
dxe5 22. Bxd7 Nxd7 23. Rxd7 Qf6 24. Qe4 Qe6 25. Rd5 Qf7 26. Rxe5 Rxe5 27. Bxe5
Rd8 28. Kg2 a5 29. Bc3 axb4 30. axb4 Rc8 31. Re3 Kg8 32. Rf3 Qd7 33. h4 b5 34.
h5 Rc4 35. Qa8 Rc8 1/2-1/2

[Event "48. Torneo Villa de Mislata"]
[Site "Mislata ESP"]
[Date "2014.08.11"]
[Round "1.8"]
[White "Perez Manas, Benjamin"]
[Black "Romero Calduch, Sergio"]
[Result "1/2-1/2"]
[WhiteElo "2290"]
[BlackElo "2104"]
[PlyCount "142"]
[EventDate "2014.08.11"]
[EventType "swiss"]
[EventRounds "9"]
[EventCountry "ESP"]
[Source "lmi"]
[SourceDate "2014.08.11"]

1. e4 e6 2. d4 d5 3. Nd2 Nf6 4. Bd3 c5 5. e5 Nfd7 6. c3 Nc6 7. Ne2 cxd4 8. cxd4
f6 9. exf6 Nxf6 10. Nf3 Bd6 11. O-O O-O 12. Nc3 a6 13. Bg5 Qe8 14. Bh4 Qh5 15.
Bg3 Bxg3 16. fxg3 Ng4 17. Nh4 Rxf1+ 18. Bxf1 Qg5 19. Qd3 b5 20. Re1 Qf6 21. Nf3
Nh6 22. Ne5 Nxe5 23. Rxe5 Bd7 24. Be2 Rf8 25. Bf3 Nf7 26. Re1 b4 27. Nd1 Bb5
28. Qd2 Ng5 29. Qxb4 Nxf3+ 30. gxf3 Qxf3 31. Qc3 Qg4 32. Nf2 Qf5 33. Qe3 Rf6
34. Rc1 Rf8 35. Kg2 h5 36. Re1 Rf6 37. h4 Qc2 38. b3 Qxa2 39. Kg1 Qc2 40. Nh3
Qd3 41. Qxd3 Bxd3 42. Nf4 Be4 43. Rc1 Rf8 44. Nxe6 Rb8 45. Ng5 Kf8 46. Rc3 Rb4
47. Kf2 Bf5 48. Ke3 Ke7 49. Kf4 g6 50. Ke5 Rb5 51. Nh7 Rb6 52. Ng5 Rb5 53. Rc7+
Kd8 54. Ra7 Rxb3 55. Kxd5 Rb6 56. Kc5 Rb5+ 57. Kc6 Rb4 58. d5 Rb3 59. Kd6 Rb6+
60. Kc5 Rb3 61. Nf7+ Kc8 62. Nd6+ Kd8 63. Nxf5 gxf5 64. Rxa6 Rxg3 65. Rh6 Kd7
66. Rh7+ Kd8 67. Kd6 Rg6+ 68. Ke5 f4 69. Rxh5 f3 70. Rf5 Rh6 71. h5 f2 1/2-1/2

[Event "48. Torneo Villa de Mislata"]
[Site "Mislata ESP"]
[Date "2014.08.11"]
[Round "1.9"]
[White "Nieves Cabanes, Jose Manuel"]
[Black "Sanchez Barbado, Carlos"]
[Result "1/2-1/2"]
[WhiteElo "2091"]
[BlackElo "2249"]
[PlyCount "102"]
[EventDate "2014.08.11"]
[EventType "swiss"]
[EventRounds "9"]
[EventCountry "ESP"]
[Source "lmi"]
[SourceDate "2014.08.11"]

1. d4 f5 2. c4 e6 3. Nc3 Nf6 4. g3 Bb4 5. Bg2 Bxc3+ 6. bxc3 O-O 7. Ba3 Re8 8.
Nf3 d6 9. O-O Ne4 10. Rc1 Nc6 11. Nd2 Nxd2 12. Qxd2 Na5 13. Qd3 d5 14. cxd5
exd5 15. Rce1 Nc4 16. Bc1 Be6 17. f3 Nd6 18. Bf4 Nf7 19. e4 Qd7 20. Rc1 b5 21.
Rfe1 Rad8 22. Rb1 a6 23. a4 c6 24. Qc2 g5 25. Be3 g4 26. exd5 Bxd5 27. fxg4
fxg4 28. Bf4 Bxg2 29. Rxe8+ Rxe8 30. Qxg2 Qe6 31. axb5 axb5 32. Qf1 Qe4 33. Rc1
h5 34. Qg2 h4 35. Qxe4 Rxe4 36. h3 hxg3 37. Bxg3 gxh3 38. c4 Rxd4 39. cxb5 cxb5
40. Rc8+ Kh7 41. Rc5 b4 42. Kh2 Kg6 43. Kxh3 Ng5+ 44. Kg2 Rd2+ 45. Kf1 Ne4 46.
Be1 Rd1 47. Rb5 Rb1 48. Ke2 b3 49. Rb6+ Kf5 50. Bh4 Ke5 51. Kd3 Kd5 1/2-1/2

[Event "48. Torneo Villa de Mislata"]
[Site "Mislata ESP"]
[Date "2014.08.11"]
[Round "1.10"]
[White "Pena Riasco, Alexander"]
[Black "Cabero Feliciano, Guillermo"]
[Result "1/2-1/2"]
[WhiteElo "2242"]
[BlackElo "2090"]
[PlyCount "117"]
[EventDate "2014.08.11"]
[EventType "swiss"]
[EventRounds "9"]
[EventCountry "ESP"]
[Source "lmi"]
[SourceDate "2014.08.11"]

1. e4 e5 2. Nf3 Nc6 3. d4 exd4 4. Nxd4 Nf6 5. Nxc6 bxc6 6. Bd3 d6 7. O-O g6 8.
b3 Bg7 9. Bb2 O-O 10. Nd2 Nh5 11. Bxg7 Nxg7 12. Qf3 Bd7 13. Rfe1 Qg5 14. Nf1
Bg4 15. Qe3 Qxe3 16. Rxe3 Rfe8 17. Be2 Bxe2 18. Rxe2 a5 19. Ree1 a4 20. Nd2 Ne6
21. c3 axb3 22. axb3 Nc5 23. f3 f6 24. Kf1 Kf7 25. b4 Nd3 26. Reb1 Reb8 27. g3
Ne5 28. Ke2 Nd7 29. Nc4 c5 30. Rxa8 Rxa8 31. b5 Ra4 32. Kd3 Nb6 33. Ne3 Ra2 34.
h4 h5 35. f4 Ke6 36. f5+ gxf5 37. Nxf5 Ke5 38. Ng7 c4+ 39. Ke3 Rc2 40. Nxh5
Rxc3+ 41. Kd2 Rf3 42. g4 Kxe4 43. g5 fxg5 44. hxg5 Rf2+ 45. Kc3 Rg2 46. Nf6+
Kf5 47. Ne8 Rg3+ 48. Kb4 Rxg5 49. Nxc7 Ke4 50. Re1+ Kd3 51. Rd1+ Kc2 52. Rxd6
c3 53. Rxb6 Rg4+ 54. Ka5 Kb2 55. Rc6 c2 56. b6 c1=Q 57. Rxc1 Kxc1 58. b7 Rg8
59. Na6 1/2-1/2

[Event "48. Torneo Villa de Mislata"]
[Site "Mislata ESP"]
[Date "2014.08.11"]
[Round "1.11"]
[White "Fernandez Ayuso, Sergio"]
[Black "Mingarro Carceller, Sergi"]
[Result "0-1"]
[WhiteElo "2084"]
[BlackElo "2233"]
[PlyCount "60"]
[EventDate "2014.08.11"]
[EventType "swiss"]
[EventRounds "9"]
[EventCountry "ESP"]
[Source "lmi"]
[SourceDate "2014.08.11"]

1. d4 f5 2. Nf3 Nf6 3. c4 g6 4. Nc3 Bg7 5. g3 O-O 6. Bg2 d6 7. O-O Nc6 8. d5
Ne5 9. Nd2 c5 10. h3 Nh5 11. e3 a6 12. Kh2 b5 13. Qe2 Rb8 14. f4 Nxc4 15. Nxc4
bxc4 16. e4 fxe4 17. Be3 Qa5 18. g4 Rxb2 19. Qxb2 Bxc3 20. Qc2 Nxf4 21. Rac1
Be5 22. Kh1 Nxg2 23. Rxf8+ Kxf8 24. Kxg2 Bb7 25. Qb1 Bxd5 26. Rf1+ Ke8 27. Qb8+
Kd7 28. Rf8 Qxa2+ 29. Bf2 e3+ 30. Kf1 e2+ 0-1

[Event "48. Torneo Villa de Mislata"]
[Site "Mislata ESP"]
[Date "2014.08.11"]
[Round "1.12"]
[White "Garrido Olivares, Ricard"]
[Black "Nieves Cabanes, Javier"]
[Result "1/2-1/2"]
[WhiteElo "2228"]
[BlackElo "2074"]
[PlyCount "56"]
[EventDate "2014.08.11"]
[EventType "swiss"]
[EventRounds "9"]
[EventCountry "ESP"]
[Source "lmi"]
[SourceDate "2014.08.11"]

1. c4 e5 2. g3 Nc6 3. Nc3 f5 4. Nf3 Nf6 5. d4 e4 6. Nh4 d6 7. Bh3 g6 8. Bg5 Bg7
9. O-O O-O 10. Qd2 Qe8 11. f3 exf3 12. exf3 Qf7 13. b3 Nxd4 14. Qxd4 Ne4 15.
Qd3 Nxg5 16. Bg2 Qf6 17. Ne2 Ne6 18. f4 Nc5 19. Qc2 Re8 20. Rad1 Bd7 21. Nd4 a5
22. Nhf3 Ne4 23. Qc1 h6 24. Rfe1 a4 25. b4 Qf7 26. Qc2 c6 27. Bf1 Kh7 28. Bd3
d5 1/2-1/2

[Event "48. Torneo Villa de Mislata"]
[Site "Mislata ESP"]
[Date "2014.08.11"]
[Round "1.14"]
[White "Montalban Galvez, Antoni"]
[Black "Gonzalvez Perales, Jose Luis"]
[Result "1-0"]
[WhiteElo "2203"]
[BlackElo "2012"]
[PlyCount "110"]
[EventDate "2014.08.11"]
[EventType "swiss"]
[EventRounds "9"]
[EventCountry "ESP"]
[Source "lmi"]
[SourceDate "2014.08.11"]

1. Nf3 Nf6 2. c4 c5 3. Nc3 Nc6 4. e3 g6 5. d4 cxd4 6. exd4 d5 7. cxd5 Nxd5 8.
Qb3 Nxc3 9. Bc4 e6 10. bxc3 Bd7 11. Bd3 Qc7 12. O-O Na5 13. Qc2 Rc8 14. Qe2 Bg7
15. Ba3 Nc4 16. Bb4 a5 17. Bc5 b6 18. Bxc4 bxc5 19. d5 O-O 20. dxe6 Bxe6 21.
Bxe6 Rce8 22. Ng5 Bxc3 23. Nxf7 Rxe6 24. Qxe6 Qxf7 25. Qxf7+ Rxf7 26. Rac1 Bd4
27. g3 Kf8 28. Kg2 Rb7 29. Rc2 a4 30. Rc4 a3 31. Ra4 Bb2 32. Re1 Rd7 33. Re2
Rd1 34. Rc2 Ra1 35. Ra7 Re1 36. Rxc5 Re8 37. Rca5 Kg8 38. Rxa3 Bxa3 39. Rxa3
Kg7 40. Re3 Ra8 41. a3 h5 42. h4 Kf6 43. Kf3 Ra4 44. Ke2 Kf5 45. f3 Rd4 46. Re4
Rd5 47. a4 Rc5 48. Rb4 Rc2+ 49. Kd3 Ra2 50. Rb5+ Ke6 51. a5 Ra3+ 52. Ke4 Ra4+
53. Ke3 Ra3+ 54. Kf4 Kf6 55. Rb6+ Kg7 1-0

[Event "48. Torneo Villa de Mislata"]
[Site "Mislata ESP"]
[Date "2014.08.11"]
[Round "1.15"]
[White "Diaz Benitez, Ricardo"]
[Black "Garriga Cazorla, Pere"]
[Result "0-1"]
[WhiteElo "2008"]
[BlackElo "2196"]
[PlyCount "108"]
[EventDate "2014.08.11"]
[EventType "swiss"]
[EventRounds "9"]
[EventCountry "ESP"]
[Source "lmi"]
[SourceDate "2014.08.11"]

1. d4 Nf6 2. Bf4 c5 3. c3 cxd4 4. cxd4 Qb6 5. Qc2 Nc6 6. e3 d6 7. Nd2 Nd5 8.
Bg3 Ndb4 9. Qb1 g6 10. Nc4 Qd8 11. a3 Nd5 12. Nf3 Bg7 13. Be2 Nf6 14. Ncd2 O-O
15. O-O Bf5 16. Qa2 a5 17. Rac1 a4 18. b4 axb3 19. Qxb3 Ra7 20. d5 Nb8 21. Nd4
Bd7 22. Bb5 Na6 23. Bxd7 Nxd7 24. Nb5 Nac5 25. Qb1 Ra6 26. Nc4 Na4 27. Rfd1
Ndc5 28. Bh4 Qd7 29. Bg5 f5 30. f3 Rb8 31. e4 fxe4 32. fxe4 Re8 33. h3 Nb6 34.
Be3 Nxc4 35. Rxc4 Ra5 36. Rb4 Be5 37. Bd4 Bxd4+ 38. Rdxd4 Na6 39. Rb3 Rc8 40.
Rd1 Nc5 41. Rb4 Rf8 42. Rf1 Rxf1+ 43. Qxf1 Ra8 44. Qb1 Rf8 45. Nd4 Rf4 46. Ne6
Nxe6 47. Rxb7 Nc7 48. Qc1 Rxe4 49. Rxc7 Qf5 50. Rc8+ Kg7 51. Qc3+ Re5 52. Rc7
Kf7 53. Qb3 Re1+ 54. Kh2 Qe5+ 0-1

[Event "48. Torneo Villa de Mislata"]
[Site "Mislata ESP"]
[Date "2014.08.11"]
[Round "1.16"]
[White "Lopez Mulet, Inigo"]
[Black "Marquinez Cabrejas, Francisco"]
[Result "1-0"]
[WhiteElo "2193"]
[BlackElo "1993"]
[PlyCount "23"]
[EventDate "2014.08.11"]
[EventType "swiss"]
[EventRounds "9"]
[EventCountry "ESP"]
[Source "lmi"]
[SourceDate "2014.08.11"]

1. d4 g6 2. c4 Bg7 3. e4 d6 4. Nc3 c6 5. Be3 e5 6. d5 c5 7. Bd3 Ne7 8. g4 f5 9.
exf5 gxf5 10. gxf5 Bxf5 11. Bxf5 Nxf5 12. Qh5+ 1-0

[Event "48. Torneo Villa de Mislata"]
[Site "Mislata ESP"]
[Date "2014.08.11"]
[Round "1.17"]
[White "Redondo Flores, David"]
[Black "Ugalde Ezcurra, Jose Miguel"]
[Result "0-1"]
[WhiteElo "1983"]
[BlackElo "2155"]
[PlyCount "90"]
[EventDate "2014.08.11"]
[EventType "swiss"]
[EventRounds "9"]
[EventCountry "ESP"]
[Source "lmi"]
[SourceDate "2014.08.11"]

1. e4 e6 2. d4 d5 3. exd5 exd5 4. Bd3 Nc6 5. c3 Bd6 6. Nf3 Nge7 7. O-O Bg4 8.
Nbd2 Qd7 9. b4 f6 10. Re1 O-O 11. Qc2 Bf5 12. Nf1 Bxd3 13. Qxd3 Nf5 14. Bd2 Kh8
15. Re2 a5 16. b5 Na7 17. a4 Nc8 18. Ne3 Nxe3 19. Rxe3 Bf4 20. Re2 Bxd2 21.
Qxd2 Nb6 22. Qc2 Rfe8 23. Ree1 Rxe1+ 24. Rxe1 Re8 25. Kf1 Kg8 26. h3 Rxe1+ 27.
Nxe1 Qe6 28. Nd3 c6 29. bxc6 Qxc6 30. Nc5 Nc4 31. Kg1 b6 32. Nd3 Nd6 33. f3 Nf5
34. Qe2 Kf7 35. Qa2 g5 36. Qb3 Ne3 37. Kf2 Qxc3 38. Qxc3 Nd1+ 39. Ke1 Nxc3 40.
Nb2 b5 41. axb5 Nxb5 42. Kd2 Nxd4 43. Kd3 Nc6 44. g4 Ke6 45. Ke3 Kd6 0-1

[Event "48. Torneo Villa de Mislata"]
[Site "Mislata ESP"]
[Date "2014.08.11"]
[Round "1.18"]
[White "Calvo Alfonso, Vicente"]
[Black "Guillem Mora, Carlos"]
[Result "1-0"]
[WhiteElo "2151"]
[BlackElo "1951"]
[PlyCount "82"]
[EventDate "2014.08.11"]
[EventType "swiss"]
[EventRounds "9"]
[EventCountry "ESP"]
[Source "lmi"]
[SourceDate "2014.08.11"]

1. d4 Nf6 2. c4 c5 3. d5 b5 4. Nd2 Qa5 5. Qc2 bxc4 6. e4 Ba6 7. Bxc4 Bxc4 8.
Qxc4 d6 9. Ngf3 Nbd7 10. O-O g6 11. h3 Bg7 12. Re1 O-O 13. Qc2 Qc7 14. Nc4 Nb6
15. Bd2 Nxc4 16. Qxc4 Rab8 17. Bc3 Nd7 18. Bxg7 Kxg7 19. Qc3+ Kg8 20. Rac1 Qb7
21. b3 Nf6 22. Nd2 a5 23. Nc4 a4 24. bxa4 Qb4 25. a5 Nd7 26. e5 Qxc3 27. Rxc3
dxe5 28. Nxe5 Nxe5 29. Rxe5 Rfd8 30. Rxc5 Rb1+ 31. Kh2 Rb2 32. a3 Rxf2 33. a6
Ra8 34. Ra5 Kf8 35. Re4 Ra7 36. d6 exd6 37. Rb4 Rf5 38. Raa4 Re5 39. Rb7 Ra8
40. a7 Rc8 41. Rab4 Kg7 1-0

[Event "48. Torneo Villa de Mislata"]
[Site "Mislata ESP"]
[Date "2014.08.11"]
[Round "1.19"]
[White "Garcia Martin, Marta"]
[Black "Jordan Arenas, Manuel"]
[Result "1/2-1/2"]
[WhiteElo "1929"]
[BlackElo "2148"]
[PlyCount "72"]
[EventDate "2014.08.11"]
[EventType "swiss"]
[EventRounds "9"]
[EventCountry "ESP"]
[Source "lmi"]
[SourceDate "2014.08.11"]

1. e4 e5 2. Nf3 Nc6 3. Bc4 Bc5 4. d3 Nf6 5. c3 O-O 6. Nbd2 d5 7. exd5 Nxd5 8.
O-O Bg4 9. h3 Bh5 10. Ne4 Be7 11. Bb3 Qd7 12. Ng3 Bg6 13. Bc2 Rad8 14. Re1 f6
15. Nh4 Bf7 16. Nhf5 Kh8 17. Qf3 Rfe8 18. h4 Bf8 19. h5 Nce7 20. Ne3 c5 21. h6
g6 22. Ng4 Qc6 23. Nxe5 fxe5 24. Qxf7 Ng8 25. Bb3 Nxh6 26. Qf3 Nf4 27. Qxc6
bxc6 28. Bxf4 exf4 29. Rxe8 Rxe8 30. Ne4 Ng4 31. Kf1 Ne5 32. Bc2 f3 33. gxf3
Nxf3 34. Kg2 Nh4+ 35. Kg3 Nf5+ 36. Kg2 Kg7 1/2-1/2

[Event "48. Torneo Villa de Mislata"]
[Site "Mislata ESP"]
[Date "2014.08.11"]
[Round "1.20"]
[White "Laliena Solanes, Luis"]
[Black "Nieto Tornero, Jose"]
[Result "1-0"]
[WhiteElo "2139"]
[BlackElo "1914"]
[PlyCount "73"]
[EventDate "2014.08.11"]
[EventType "swiss"]
[EventRounds "9"]
[EventCountry "ESP"]
[Source "lmi"]
[SourceDate "2014.08.11"]

1. e4 e5 2. Nf3 Nc6 3. Nc3 Nf6 4. d4 exd4 5. Nd5 Nxd5 6. exd5 Bb4+ 7. Bd2 Qe7+
8. Qe2 Bxd2+ 9. Kxd2 Qxe2+ 10. Bxe2 Ne7 11. d6 cxd6 12. Nxd4 a6 13. Rhe1 Kd8
14. Bf3 Rb8 15. Re3 g6 16. Rd1 d5 17. Rde1 Nc6 18. c3 d6 19. Bxd5 Bd7 20. Nxc6+
bxc6 21. Bxf7 Rf8 22. Be6 Rb7 23. f3 Be8 24. Bb3 d5 25. Re6 Rc7 26. Kd3 a5 27.
c4 a4 28. Bxa4 dxc4+ 29. Kc3 Ra7 30. Bxc6 Bf7 31. Rd1+ Kc8 32. Rf6 Rd8 33.
Rxd8+ Kxd8 34. Bb5 Rb7 35. a4 Ke7 36. Rf4 Kd6 37. Bxc4 1-0

[Event "48. Torneo Villa de Mislata"]
[Site "Mislata ESP"]
[Date "2014.08.12"]
[Round "2.1"]
[White "Antoli Royo, Joaquin Miguel"]
[Black "Lopez Mulet, Inigo"]
[Result "1-0"]
[WhiteElo "2428"]
[BlackElo "2193"]
[PlyCount "75"]
[EventDate "2014.08.11"]
[EventType "swiss"]
[EventRounds "9"]
[EventCountry "ESP"]
[Source "lmi"]
[SourceDate "2014.08.11"]

1. e4 e6 2. d4 d5 3. Nd2 c5 4. Ngf3 cxd4 5. exd5 Qxd5 6. Bc4 Qd8 7. O-O Nc6 8.
Nb3 Nf6 9. Qe2 a6 10. Rd1 b5 11. Bd3 Qc7 12. Nbxd4 Nxd4 13. Nxd4 Bc5 14. c3 Bb7
15. Bg5 Bxd4 16. cxd4 Nd5 17. Rac1 Qd6 18. Qg4 h6 19. Bd2 Ke7 20. a3 g6 21. Re1
Rag8 22. Rc5 f5 23. Qd1 Kf6 24. a4 Rc8 25. axb5 axb5 26. Qc1 Rxc5 27. dxc5 Qc6
28. Bxb5 Qxb5 29. Bc3+ Nxc3 30. Qxc3+ Kf7 31. Qxh8 Qc6 32. f3 Qxc5+ 33. Kh1 Qf2
34. Qe5 Bd5 35. Rc1 g5 36. Rc7+ Kg6 37. Qg7+ Kh5 38. Qf7+ 1-0

[Event "48. Torneo Villa de Mislata"]
[Site "Mislata ESP"]
[Date "2014.08.12"]
[Round "2.2"]
[White "Ramiro Ovejero, Juan Luis"]
[Black "Calvo Alfonso, Vicente"]
[Result "1-0"]
[WhiteElo "2364"]
[BlackElo "2151"]
[PlyCount "43"]
[EventDate "2014.08.11"]
[EventType "swiss"]
[EventRounds "9"]
[EventCountry "ESP"]
[Source "lmi"]
[SourceDate "2014.08.11"]

1. e4 e6 2. d4 d5 3. e5 c5 4. Qg4 Nc6 5. Nf3 cxd4 6. Bd3 Nb4 7. O-O Nxd3 8.
cxd3 Bd7 9. Nxd4 Qb6 10. Be3 Qa6 11. Nc3 Qxd3 12. Rfd1 Qg6 13. Qe2 a6 14. Rac1
Nh6 15. Ncb5 axb5 16. Nxb5 Rxa2 17. Nc7+ Kd8 18. Nxd5 exd5 19. Rxd5 Ke8 20. Qc4
Ra4 21. Qc7 Qf5 22. Qb8+ 1-0

[Event "48. Torneo Villa de Mislata"]
[Site "Mislata ESP"]
[Date "2014.08.12"]
[Round "2.3"]
[White "Carrascoso Morales, Abel"]
[Black "Laliena Solanes, Luis"]
[Result "1-0"]
[WhiteElo "2342"]
[BlackElo "2139"]
[PlyCount "99"]
[EventDate "2014.08.11"]
[EventType "swiss"]
[EventRounds "9"]
[EventCountry "ESP"]
[Source "lmi"]
[SourceDate "2014.08.11"]

1. Nf3 Nf6 2. g3 d5 3. c4 c6 4. b3 Bg4 5. Bg2 Nbd7 6. Bb2 e6 7. h3 Bh5 8. O-O
Bd6 9. d3 Qe7 10. Nbd2 O-O 11. Qc2 Ba3 12. Bxa3 Qxa3 13. b4 a5 14. bxa5 Rxa5
15. Rfb1 b5 16. cxd5 cxd5 17. Nd4 Qa4 18. N2b3 Raa8 19. g4 Bg6 20. g5 Nh5 21.
Qc7 Ra7 22. Qd6 Rfa8 23. Rc1 Nf8 24. Rc2 h6 25. Rac1 Ra6 26. Qe5 Nd7 27. Qc7
R6a7 28. Qd6 Qa3 29. Rc8+ Rxc8 30. Rxc8+ Kh7 31. Qxa3 Rxa3 32. gxh6 gxh6 33.
Rc2 b4 34. Rb2 Nf4 35. Bf1 Ra4 36. Nc1 Nc5 37. Nc2 Na6 38. e3 Nh5 39. d4 Bf5
40. Nd3 Nf6 41. Ne5 Kg7 42. Bxa6 Bxc2 43. Bb5 Ra5 44. Rxc2 Rxb5 45. Rc7 Ne4 46.
Nxf7 Kf6 47. Ne5 Nc3 48. h4 Kf5 49. Rf7+ Ke4 50. Rf4# 1-0

[Event "48. Torneo Villa de Mislata"]
[Site "Mislata ESP"]
[Date "2014.08.12"]
[Round "2.4"]
[White "Uran Bermudez, Oliver Kevin"]
[Black "Castella Garcia, Fausto"]
[Result "1-0"]
[WhiteElo "2130"]
[BlackElo "2335"]
[PlyCount "99"]
[EventDate "2014.08.11"]
[EventType "swiss"]
[EventRounds "9"]
[EventCountry "ESP"]
[Source "lmi"]
[SourceDate "2014.08.11"]

1. d4 Nf6 2. c4 g6 3. Nf3 Bg7 4. g3 c5 5. Bg2 cxd4 6. O-O Nc6 7. Nxd4 O-O 8.
Nc3 Ng4 9. e3 Nxd4 10. exd4 d6 11. b3 Nh6 12. Bb2 Nf5 13. Nd5 Rb8 14. Re1 e6
15. Ne3 Nxe3 16. Rxe3 b5 17. cxb5 Rxb5 18. Rc3 Bb7 19. Bxb7 Rxb7 20. Rac1 Qa5
21. a3 Qd5 22. Rc6 Qxb3 23. Qxb3 Rxb3 24. Bc3 h5 25. d5 Rxa3 26. Bxg7 Kxg7 27.
dxe6 fxe6 28. Rxd6 Ra2 29. Rxe6 Rfxf2 30. Rc7+ Kf8 31. Rxa7 Rg2+ 32. Kf1 Raf2+
33. Ke1 Rb2 34. Kf1 Rxh2 35. Kg1 Rhg2+ 36. Kf1 Rxg3 37. Rf6+ Ke8 38. Re6+ Kf8
39. Rf6+ Kg8 40. Rff7 Rc3 41. Rg7+ Kf8 42. Raf7+ Ke8 43. Re7+ Kd8 44. Re1 Rc6
45. Ra1 Rf6+ 46. Kg1 Rb8 47. Rg8+ Kc7 48. Rc1+ Kd6 49. Rxb8 Ke5 50. Re8+ 1-0

[Event "48. Torneo Villa de Mislata"]
[Site "Mislata ESP"]
[Date "2014.08.12"]
[Round "2.5"]
[White "Mingarro Carceller, Sergi"]
[Black "Ribera Cebolla, Marc"]
[Result "0-1"]
[WhiteElo "2233"]
[BlackElo "2059"]
[PlyCount "134"]
[EventDate "2014.08.11"]
[EventType "swiss"]
[EventRounds "9"]
[EventCountry "ESP"]
[Source "lmi"]
[SourceDate "2014.08.11"]

1. d4 Nf6 2. c4 g6 3. g3 d5 4. cxd5 Nxd5 5. Bg2 Bg7 6. Nf3 O-O 7. O-O Nd7 8.
Nc3 Nxc3 9. bxc3 c5 10. Rb1 Nf6 11. Ba3 Ne4 12. Qc2 Qa5 13. Qxe4 Bf5 14. Qxe7
Bxb1 15. Bxc5 b6 16. Bb4 Qxa2 17. Qh4 Rfe8 18. Ne5 Rac8 19. Bb7 Bf5 20. e4 Be6
21. Bxc8 Bxc8 22. Nc6 Bd7 23. Ne7+ Kh8 24. Nd5 h6 25. Be7 Qd2 26. Bf6 Re6 27.
e5 Kh7 28. Bxg7 Kxg7 29. Qd8 Be8 30. Nf4 Rxe5 31. Nd5 Qg5 32. Qxg5 Rxg5 33. Nc7
Bd7 34. Re1 Kf8 35. d5 a5 36. c4 Rg4 37. Rc1 Rd4 38. Na8 b5 39. Nb6 Ke7 40. c5
Bg4 41. c6 Rd1+ 42. Rxd1 Bxd1 43. h3 Kd6 44. Na8 Bf3 45. Nb6 a4 46. Nc8+ Kxd5
47. c7 Ke6 48. Na7 Bb7 49. Nxb5 Kd7 50. f4 Bc6 51. Na3 Kxc7 52. Kf2 Kd6 53. Ke3
Kc5 54. Kd3 Kb4 55. Nc2+ Kc5 56. Kc3 Bd5 57. Nb4 a3 58. Nc2 a2 59. Kb2 Be6 60.
h4 h5 61. Ka1 Bb3 62. Ne1 Kd4 63. Nf3+ Ke3 64. Ne5 Be6 65. Kb2 Kf2 66. g4 hxg4
67. f5 Bxf5 0-1